000 00434nam a2200181Ia 4500
001 318
005 20260306140509.0
008 260306t2009||||xx |||||||||||||| ||spa||
041 _aESP
082 _a101
_bG23 2009
100 _aGarcía Morente, Manuel
_eAUT
245 0 _aLecciones preliminares de filosofía
260 _c2009
300 _a381 páginas :
_c23 cm.
650 _aGEN
654 _aCHU
942 _cLIB
_dJUS
_fJUS
_2ddc
_n
999 _c318
_d318